Business Ethics an Indian Perspective (Record no. 993)

MARC details
000 -LEADER
fixed length control field 00433nam a22001697a 4500
005 - DATE AND TIME OF LATEST TRANSACTION
control field 20180221111443.0
008 - FIXED-LENGTH DATA ELEMENTS--GENERAL INFORMATION
fixed length control field 160518b xxu||||| |||| 00| 0 eng d
020 ## - INTERNATIONAL STANDARD BOOK NUMBER
ISBN 978-81-317-1173-6
041 ## - LANGUAGE CODE
Language code of text/sound track or separate title eng
082 ## - DEWEY DECIMAL CLASSIFICATION NUMBER
Item number 2794
Classification number 174.4
100 ## - MAIN ENTRY--AUTHOR NAME
Personal name Fernando A.C.
245 ## - TITLE STATEMENT
Title Business Ethics an Indian Perspective
260 ## - PUBLICATION, DISTRIBUTION, ETC. (IMPRINT)
Place of publication New Delhi
Name of publisher Prentice hall of India,
Year of publication 2009
300 ## - PHYSICAL DESCRIPTION
Number of Pages 479
650 ## - SUBJECT ADDED ENTRY--TOPICAL TERM
Topical Term Management
942 ## - ADDED ENTRY ELEMENTS (KOHA)
Koha item type Books
Holdings
Lost status Damaged status Collection code Home library Current library Shelving location Date acquired Full call number Accession Number Koha item type
    MANAGEMENT JRU Library JRU Library SHELF-62 -G 18/05/2016 174.4 2794 Books
    Reference JRU Library   SHELF-28-A 18/05/2016 174.4 2795 Books
    MANAGEMENT JRU Library JRU Library SHELF-62 -G 18/05/2016 174.4 2796 Books
    MANAGEMENT JRU Library JRU Library SHELF-62 -G 18/05/2016 174.4 2797 Books
    MANAGEMENT JRU Library JRU Library SHELF-62 -G 18/05/2016 174.4 2798 Books
    MANAGEMENT JRU Library JRU Library SHELF-62 -G 18/05/2016 174.4 2799 Books
    MANAGEMENT JRU Library JRU Library SHELF-62 -G 18/05/2016 174.4 2800 Books
    MANAGEMENT JRU Library JRU Library SHELF-62 -G 18/05/2016 174.4 2801 Books
    MANAGEMENT JRU Library JRU Library SHELF-62 -G 18/05/2016 174.4 2802 Books
    MANAGEMENT JRU Library JRU Library SHELF-62 -G 18/05/2016 174.4 2803 Books
    MANAGEMENT JRU Library JRU Library SHELF-62 -G 18/05/2016 174.4 2804 Books
    MANAGEMENT JRU Library JRU Library SHELF-62 -G 18/05/2016 174.4 2805 Books